ბათუმის შოთა რუსთაველის სახელმწიფო უნივერსიტეტის ბიბლიოთეკა

ნარკვევები საქართველოს ისტორიიდან. ტ. 3, XVIII ს. / (ბიბ.ჩანაწერი № 56152)

000 -ლიდერი
ფიქსირებული სიგრძის საკონტროლო ველი 01325nam a2200265Ia 4500
001 - საკონტროლო ნომერი
საკონტროლო ველი 23253
003 - საკონტროლო ნომრის იდენტიფიკატორი
საკონტროლო ველი GE_BSU
005 - ბოლო ოპერაციის თარიღი და დრო
საკონტროლო ველი 20251118181113.0
008 - ფიქსირებული სიგრძის მონაცემთა ელემენტები - ზოგადი ინფორმაცია
ფიქსირებული სიგრძის საკონტროლო ველი 181216s1968||||ge |||||||||||||| ||geo||
040 ## - კატალოგიზაციის წყარო
Transcribing agency GE_BSU
041 ## - ენის კოდი
Language code of text/sound track or separate title geo
080 ## - უნივერსალური ათობითი კლასიფიკაციის ინდექსი
Universal Decimal Classification number 94(479.22) გ-46
100 ## - მთავარი ჩანაწერი - პიროვნების სახელი
Personal name გვრიტიშვილი, დავით
9 (RLIN) 16228
245 ## - ცნობა სათაურის შესახებ
Title ნარკვევები საქართველოს ისტორიიდან. ტ. 3, XVIII ს. /
Statement of responsibility, etc დავით გვრიტიშვილი ; რედ. ჯ. ლომაშვილი ; მხატვ. რ. ზედელაშვილი.
264 ## - წარმოების, გამოცემის, დისტრიბუციის და სხვა ცნობები
გამოცემის, წარმოების, დისტრიბუციის... ადგილი თბილისი :
გამოცემის, წარმოების, დისტრიბუციის... სახელწოდება საბჭ. საქართველო,
გამოცემის, წარმოების, დისტრიბუციის... თარიღი 1968.
300 ## - ფიზიკური აღწერა
Extent 394 გვ. ;
Dimensions 22 სმ.
500 ## - ზოგადი შენიშვნა
General note საძიებლ. გვ. : 380-391
653 ## - INDEX TERM--UNCONTROLLED
Uncontrolled term ნარკვევები საქართველოს ისტორიიდან. ტ. 3 : XVIII ს.
653 ## - INDEX TERM--UNCONTROLLED
Uncontrolled term საქართველოს ისტორია
653 ## - INDEX TERM--UNCONTROLLED
Uncontrolled term საქართველოს ისტორია, XVIII ს.
700 ## - ADDED ENTRY--PERSONAL NAME
Personal name ლომაშვილი, ჯ.
Relator term რედაქტორი
9 (RLIN) 7525
700 ## - ADDED ENTRY--PERSONAL NAME
Personal name ზედელაშვილი, რ.
Relator term მხატვარი
9 (RLIN) 26261
942 ## - ADDED ENTRY ELEMENTS (KOHA)
Koha item type წიგნი
Source of classification or shelving scheme
ეგზემპლარები
ჩამოწერის სტატუსი დაკარგული ეგზემპლარის სტატუსი კლასიფიკაციის წყარო ან თაროზე გაწყობის სქემა დაზიანების სტატუსი არ გაიცემა მუდმივი მდებარეობა (დაცვის ადგილი) ამჟამინდელი ადგილსამყოფელი თაროზე განთავსების ადგილი შეძენის თარიღი ღირებულება, შესყიდვის ნორმალური ფასი სრული შენახვის შიფრი შტრიხკოდი ბოლო ოპერაციის თარიღი ეგზემპლარის მიმდევრობითი ნომერი (კეტერი?) ფასის ძალაში შესვლის თარიღი ეგზემპლარის სახეობა საჯარო შენიშვნა
          ბათუმის შოთა რუსთაველის სახელმწიფო უნივერსიტეტის მთავარი ბიბლიოთეკა ბათუმის შოთა რუსთაველის სახელმწიფო უნივერსიტეტის მთავარი ბიბლიოთეკა წიგნსაცავი 2018-12-17 3.72 94(479.22) გ-46 28255 2018-12-17 28255 2018-12-17 წიგნი 3.74 ₾.